| 000 | 00000nam##2200000za#4500 |
| 001 | 9.644672 |
| 003 | CaOODSP |
| 005 | 20230202144024 |
| 007 | ta |
| 008 | 150407|1993||||xxc||||| f|0| 0 eng|d |
| 020 | |a0-662-20276-7 |
| 040 | |aCaOODSP|beng |
| 043 | |an-cn--- |
| 086 | 1 |aH72-21/86-1993E |
| 110 | 2 |aNational Clearinghouse on Family Violence (Canada). |
| 245 | 10|aTreatment programs for child sexual abuse in Canada : |ba selected inventory of integrated programs that have been evaluated / |cPrepared by the National Youth in Care Network. |
| 260 | |aOttawa - Ontario : |bHealth and Welfare Canada. |c1993. |
| 300 | |a65p. ; |c28 cm. |
| 500 | |aContents: Introduction.--Peterborough Sexual Abuse Treatment Network (Ontario).--Child sexual abuse in rural community settings: the implementation and evaluation of a coordinated service model (rural Manitoba).--Charlotte County Intrafamilial Sexual Abuse Program (New Brunswick).--Treatment of child sexual abuse within a comprehensive service model (Winnipeg, Manitoba).--The Marymound model: a sequential approach to the treatment of male adolescent sexual offenders and sexual abuse victims (Winnipeg, Manitoba).--The integrated treatment model for sexually abused children and their mothers (Vancouver, British Columbia).--The Family Sexual Abuse Treatment Program (Calgary, Alberta). |
| 563 | |aSoftcover |
| 590 | |a93-18|b1993-05-07 |
| 690 | 07|aViolence against children|2gcpds |
| 690 | 07|aSexual offenses|2gcpds |
| 775 | 08|tTraitement des enfants victimes d'abus sexuel au Canada : |w(CaOODSP)9.678493 |
| 776 | 0#|tTreatment programs for child sexual abuse victims in Canada : |w(CaOODSP)9.695734 |